[Event "ICS rated bullet match"]
[Site "204.178.125.65"]
[Date "2000.12.01"]
[Round "?"]
[White "WhiteHorse"]
[Black "Hossa"]
[Result "0-1"]
[WhiteElo "2373"]
[BlackElo "2668"]
[PlyCount "124"]
[EventDate "2000.??.??"]

1. d4 e6 2. e3 d5 3. f4 c5 4. Bd3 Nf6 5. c3 cxd4 6. exd4 Be7 7. Nf3 Bd6 8. Qe2
Qc7 9. Ne5 Nc6 10. O-O Qb6 11. Kh1 g6 12. Nd2 a6 13. Rf3 h6 14. Rh3 a5 15. a3
a4 16. Ndf3 Qa7 17. Bd2 Bd7 18. Rb1 Nd8 19. Rg3 Bc6 20. Rh3 b6 21. Ne1 Qc7 22.
Re3 Bb7 23. Nc2 Ne4 24. Bxe4 dxe4 25. Ne1 O-O 26. Qg4 Bd5 27. Rg3 Ba2 28. Rc1
Ra7 29. Be3 Nc6 30. h4 Ne7 31. h5 f5 32. Qh4 Bxe5 33. fxe5 g5 34. Bxg5 hxg5 35.
Qxg5+ Kf7 36. h6 Ke8 37. Qh5+ Kd7 38. h7 Raa8 39. Rg7 Rh8 40. g4 Bb3 41. Ng2
Raf8 42. g5 f4 43. g6 f3 44. Ne3 Qd8 45. Kg1 f2+ 46. Kf1 Rf3 47. Qxf3 exf3 48.
Kxf2 Qa8 49. d5 Bxd5 50. c4 Be4 51. c5 bxc5 52. Rd1+ Ke8 53. Nc4 Bxg6 54. Nd6+
Kf8 55. Ne4 Bxe4 56. Rg2 fxg2 57. Rg1 Rxh7 58. Kg3 Nf5+ 59. Kf2 Qd5 60. Ke2 Qd4
61. Ke1 Qe3+ 62. Kd1 Rd7# {WhiteHorse checkmated} 0-1

[Event "ICS rated bullet match"]
[Site "204.178.125.65"]
[Date "2000.12.01"]
[Round "?"]
[White "Hossa"]
[Black "WhiteHorse"]
[Result "1-0"]
[WhiteElo "2673"]
[BlackElo "2368"]
[PlyCount "87"]
[EventDate "2000.??.??"]

1. e4 b6 2. d4 Bb7 3. Nc3 g6 4. Nf3 Bg7 5. Be2 h6 6. O-O e6 7. Bf4 d6 8. Bb5+
Nd7 9. Qe2 Ne7 10. Ba6 Qc8 11. Bc4 Qd8 12. a4 a6 13. Rfe1 O-O 14. Qe3 Kh7 15.
Rf1 Rc8 16. Qe2 Ra8 17. a5 b5 18. Bb3 Rg8 19. Qe3 Nf8 20. Nd2 Qd7 21. Rfe1 Re8
22. Red1 f5 23. Rdc1 e5 24. Bxg8+ Kxg8 25. dxe5 g5 26. Qa7 gxf4 27. Qxb7 dxe5
28. Rd1 Qe6 29. Qxc7 Kh7 30. exf5 Nxf5 31. Qb7 Qg6 32. Nde4 Ne6 33. Qxa6 Rg8
34. Qxb5 Kh8 35. Qd7 Nh4 36. g3 f3 37. Rd6 Re8 38. a6 Nf5 39. Rxe6 Rxe6 40. a7
Kh7 41. a8=Q Nh4 42. Qdd8 Qf6 43. Nxf6+ Bxf6 44. Qg8# {WhiteHorse checkmated}
1-0

[Event "ICS rated bullet match"]
[Site "204.178.125.65"]
[Date "2000.12.01"]
[Round "?"]
[White "WhiteHorse"]
[Black "Hossa"]
[Result "0-1"]
[WhiteElo "2363"]
[BlackElo "2678"]
[PlyCount "110"]
[EventDate "2000.??.??"]

1. d4 e6 2. e3 d5 3. f4 c5 4. Bd3 Nf6 5. c3 cxd4 6. exd4 Be7 7. Nf3 b6 8. O-O
Ne4 9. Qe2 Bb7 10. Ne5 O-O 11. Nd2 Nxd2 12. Bxd2 Bc8 13. Rf3 f6 14. Rh3 g6 15.
Nxg6 hxg6 16. Bxg6 Kg7 17. f5 Rh8 18. Qg4 Rxh3 19. gxh3 Qh8 20. Kh1 e5 21. Rg1
Kf8 22. h4 Nc6 23. h5 Bd6 24. h6 Ba6 25. h7 Bd3 26. Bh6+ Ke7 27. Re1 e4 28. Kg1
a6 29. b3 Rc8 30. Qh3 Kd7 31. Be3 Na7 32. Kh1 Rxc3 33. Rg1 Rc7 34. Bh6 Rc8 35.
Bf7 Qxh7 36. Be6+ Kd8 37. Bxc8 Nxc8 38. Rg7 Qh8 39. Qh5 Bf8 40. Qg6 Bxg7 41.
Bxg7 Qe8 42. Bxf6+ Kd7 43. Qg7+ Kc6 44. Be5 Qd7 45. f6 Qh3 46. Qc7+ Kb5 47. a4+
Kb4 48. Bd6+ Kxb3 49. Qc1 Qf3+ 50. Kg1 Nxd6 51. f7 Nxf7 52. Qb1+ Bxb1 53. h4 e3
54. Kh2 Qf2+ 55. Kh3 Bf5# {WhiteHorse checkmated} 0-1

[Event "ICS rated bullet match"]
[Site "204.178.125.65"]
[Date "2000.12.01"]
[Round "?"]
[White "Hossa"]
[Black "WhiteHorse"]
[Result "1-0"]
[WhiteElo "2682"]
[BlackElo "2359"]
[PlyCount "99"]
[EventDate "2000.??.??"]

1. c4 d5 2. cxd5 Qxd5 3. Nc3 Qd8 4. d4 e6 5. e4 Nf6 6. Nf3 Bb4 7. Bd3 Bxc3+ 8.
bxc3 Nc6 9. O-O Ne7 10. Qc2 b6 11. e5 Nd7 12. Be4 Rb8 13. Ba3 Bb7 14. Bxb7 Rxb7
15. Qe4 Rb8 16. Bxe7 Qxe7 17. Qc6 Rc8 18. Qb7 O-O 19. Qxa7 Rb8 20. c4 Rfc8 21.
Rfb1 h6 22. Rb3 Ra8 23. Qb7 Rab8 24. Qe4 Nf8 25. d5 Rd8 26. Nd4 exd5 27. cxd5
Ng6 28. Nc6 Qg5 29. d6 cxd6 30. Nxb8 d5 31. Qd4 Nf4 32. Kf1 Qxg2+ 33. Ke1 Ne6
34. Qd1 Rxb8 35. Rg3 Qe4+ 36. Re3 Qf5 37. Qxd5 Re8 38. Qc6 Re7 39. Qxb6 Nf4 40.
Qd8+ Kh7 41. Qxe7 Ng2+ 42. Ke2 Nxe3 43. Kxe3 Qh5 44. h4 Qf5 45. Rg1 Qh3+ 46.
Rg3 Qf5 47. Rf3 Qg4 48. Rxf7 Qa4 49. Rxg7+ Kh8 50. Qf8# {WhiteHorse checkmated}
1-0

[Event "ICS rated bullet match"]
[Site "204.178.125.65"]
[Date "2000.12.01"]
[Round "?"]
[White "WhiteHorse"]
[Black "Hossa"]
[Result "0-1"]
[WhiteElo "2355"]
[BlackElo "2686"]
[PlyCount "92"]
[EventDate "2000.??.??"]

1. d4 Nf6 2. e3 g6 3. f4 Bg7 4. Bd3 d5 5. Nf3 O-O 6. O-O Bg4 7. Nbd2 Qd6 8. c3
Nc6 9. h3 Bf5 10. Qe2 Nh5 11. Kh2 Bxd3 12. Qxd3 Qd7 13. Ne5 Nxe5 14. fxe5 f5
15. Qe2 f4 16. e4 Ng3 17. Qf2 dxe4 18. Nb3 e3 19. Qf3 Nxf1+ 20. Qxf1 b6 21. a4
e6 22. Qf3 Qd5 23. Ra3 Qxf3 24. gxf3 a5 25. Kg2 Rfe8 26. Kf1 Bf8 27. Ra1 Be7
28. Ke2 Kf7 29. Ra2 Rad8 30. Na1 c5 31. Nc2 c4 32. Na1 Rc8 33. Kd1 Rc7 34. Ke2
h6 35. Kd1 Ra7 36. Ke2 Rd7 37. Kd1 Rb7 38. Ke2 b5 39. Kd1 b4 40. Kc2 b3+ 41.
Kb1 e2 42. h4 bxa2+ 43. Kxa2 e1=Q 44. h5 Qxc1 45. hxg6+ Kxg6 46. d5 Rxb2# {
WhiteHorse checkmated} 0-1

[Event "ICS rated blitz match"]
[Site "204.178.125.65"]
[Date "2000.12.01"]
[Round "?"]
[White "Hossa"]
[Black "WhoDearsWins"]
[Result "0-1"]
[WhiteElo "2574"]
[BlackElo "2438"]
[PlyCount "58"]
[EventDate "2000.??.??"]

1. e3 d5 2. a3 Nf6 3. Nf3 Bg4 4. c4 e5 5. Qb3 Nbd7 6. d4 Bxf3 7. gxf3 exd4 8.
Qxb7 Bd6 9. exd4 c5 10. Be3 O-O 11. cxd5 cxd4 12. Bxd4 Bc5 13. Be3 Rb8 14. Qc6
Qe7 15. Be2 Rfc8 16. Qa4 Bxe3 17. O-O Rxb2 18. Qd1 Nh5 19. Nc3 Nf4 20. Kh1 Rxc3
21. fxe3 Qxe3 22. Qe1 Rcc2 23. Rb1 Rxe2 24. Qg3 Nh5 25. Qh3 Rxb1 26. a4 Qf2 27.
Rxb1 Re1+ 28. Rxe1 Qxe1+ 29. Kg2 Nf4# {Hossa checkmated} 0-1

[Event "ICS Rated blitz match"]
[Site "204.178.125.65"]
[Date "2000.12.01"]
[Round "?"]
[White "janderson"]
[Black "Hossa"]
[Result "1-0"]
[WhiteElo "2551"]
[BlackElo "2552"]
[PlyCount "135"]
[EventDate "2000.??.??"]

1. Nf3 Nf6 2. c4 c5 3. Nc3 Nc6 4. g3 e6 5. Bg2 d5 6. cxd5 exd5 7. d4 Be7 8. O-O
O-O 9. dxc5 Bxc5 10. Na4 Be7 11. Be3 Bf5 12. Nc3 Qd7 13. Rc1 Rfd8 14. Nd4 Bh3
15. Qd3 Ne5 16. Qb5 Bxg2 17. Kxg2 Nc6 18. Rfd1 a6 19. Qd3 Ng4 20. Bf4 Bc5 21.
e3 Bxd4 22. exd4 Re8 23. Na4 Qe6 24. Nc5 Qc8 25. Qf3 Nf6 26. Qb3 Ra7 27. Bg5
Qf5 28. Bxf6 Qxf6 29. Qxd5 Nb4 30. Qd7 Rf8 31. Qa4 Qc6+ 32. Qxc6 bxc6 33. Nd3
a5 34. a3 Nxd3 35. Rxd3 Rb7 36. Rxc6 Rxb2 37. d5 Rb5 38. d6 Rd8 39. h3 Kf8 40.
g4 Rb7 41. f4 g6 42. Kf2 Kg7 43. g5 h6 44. h4 hxg5 45. hxg5 Kf8 46. Ra6 Rbd7
47. Kf3 f6 48. Ke4 Re8+ 49. Kd5 Rf7 50. gxf6 Rxf6 51. Kc6 Rd8 52. Kc7 Re8 53.
Rd4 a4 54. Raxa4 Rf7+ 55. d7 Kg7 56. Ra6 Kh6 57. Rf6 Rh7 58. Rdd6 Rg8 59. f5
Kh5 60. Rxg6 Ra8 61. Rd2 Ra4 62. Kb6 Rh4 63. d8=Q Rb7+ 64. Kxb7 Rb4+ 65. Qb6
Ra4 66. Rh2+ Rh4 67. Qf6 Rxh2 68. Qg5# {Hossa checkmated} 1-0

[Event "ICS rated blitz match"]
[Site "204.178.125.65"]
[Date "2000.12.01"]
[Round "?"]
[White "detour"]
[Black "Hossa"]
[Result "0-1"]
[WhiteElo "2075"]
[BlackElo "2536"]
[PlyCount "36"]
[EventDate "2000.??.??"]

1. c4 Nf6 2. Nc3 Nc6 3. g3 e5 4. Bg2 Bc5 5. Nh3 O-O 6. O-O h6 7. a3 d6 8. b4
Bd4 9. Kh1 Be6 10. Qb3 Qd7 11. Ng1 b5 12. d3 a5 13. Bb2 bxc4 14. dxc4 axb4 15.
axb4 Rxa1 16. Rxa1 Bxf2 17. Qa4 d5 18. cxd5 Nxd5 {detour resigns} 0-1

[Event "ICS rated bullet match"]
[Site "204.178.125.65"]
[Date "2000.12.01"]
[Round "?"]
[White "andobas"]
[Black "Hossa"]
[Result "0-1"]
[WhiteElo "2181"]
[BlackElo "2698"]
[PlyCount "70"]
[EventDate "2000.??.??"]

1. d4 d5 2. Nf3 Nf6 3. c3 Bf5 4. Bf4 e6 5. e3 Be7 6. h3 Nbd7 7. Bd3 Bxd3 8.
Qxd3 c5 9. Nbd2 Nh5 10. Bh2 cxd4 11. exd4 a5 12. O-O Qb6 13. Rfe1 O-O 14. a4
Rfe8 15. Rab1 Qc6 16. Qb5 Qxb5 17. axb5 a4 18. Ra1 Ra5 19. b4 Raa8 20. Ra3 Rec8
21. Rea1 Nb6 22. Ne5 Bd6 23. Nd3 Bxh2+ 24. Kxh2 Nf6 25. Nc5 Ra7 26. f3 Kf8 27.
Kg3 Ke7 28. Kf2 Kd6 29. Ke3 h6 30. Kd3 Rca8 31. g4 g5 32. R1a2 h5 33. Ra1 Ke7
34. R1a2 hxg4 35. Ra1 gxh3 {andobas resigns} 0-1

[Event "ICS rated standard match"]
[Site "204.178.125.65"]
[Date "2000.12.01"]
[Round "?"]
[White "Hossa"]
[Black "ChesterX"]
[Result "1-0"]
[WhiteElo "2311"]
[BlackElo "2278"]
[PlyCount "76"]
[EventDate "2000.??.??"]

1. Nf3 d5 2. c4 e6 3. g3 dxc4 4. Bg2 Nf6 5. Qa4+ Nbd7 6. O-O Bd6 7. Na3 O-O 8.
Nxc4 Nb6 9. Nxb6 cxb6 10. d3 Bd7 11. Qd4 Bc5 12. Qh4 Rc8 13. Ne5 Nd5 14. Bg5 f6
15. Nxd7 Qxd7 16. Bd2 f5 17. Rac1 e5 18. e3 Nf6 19. Qc4+ Kh8 20. Qb3 Rfd8 21.
Rfd1 Qe7 22. Bc3 Ng4 23. d4 exd4 24. exd4 Bxd4 25. Bxd4 Rxc1 26. Rxc1 f4 27.
Qf3 Ne5 28. Qxb7 Qd6 29. Bxe5 Qxe5 30. Rc8 Qe8 31. Rxd8 Qxd8 32. Qxa7 h5 33.
Qa8 Qxa8 34. Bxa8 fxg3 35. hxg3 Kg8 36. Bd5+ Kf8 37. b4 Ke8 38. a4 Kd8 {
ChesterX resigns} 1-0

[Event "ICS rated bullet match"]
[Site "204.178.125.65"]
[Date "2000.12.01"]
[Round "?"]
[White "Hossa"]
[Black "ChesterX"]
[Result "1/2-1/2"]
[WhiteElo "2700"]
[BlackElo "2419"]
[PlyCount "79"]
[EventDate "2000.??.??"]

1. e4 c6 2. d4 d5 3. Nc3 dxe4 4. Nxe4 Bf5 5. Ng3 Bg6 6. h4 h6 7. Nf3 Nd7 8. h5
Bh7 9. Bd3 Bxd3 10. Qxd3 e6 11. Bd2 Qc7 12. O-O-O Ngf6 13. Ne4 Bd6 14. Nxd6+
Qxd6 15. Kb1 O-O-O 16. Ba5 Rde8 17. c4 Qf4 18. Rh4 Qd6 19. Qe2 Re7 20. Qe3 e5
21. Re1 Rhe8 22. Reh1 exd4 23. Qxd4 Qxd4 24. Nxd4 Re5 25. Bd2 Ne4 26. Be3 Nb6
27. Nf3 R5e7 28. Bxb6 axb6 29. Rf1 Nf6 30. Kc2 Re2+ 31. Kb3 Ne4 32. Ka3 Nxf2
33. Nd4 R8e3+ 34. b3 Rd2 35. Nf3 Rde2 36. Nd4 Rd2 37. Nf3 Rde2 38. Nd4 Rd2 39.
Nf3 Rde2 40. Nd4 {Game drawn by repetition} 1/2-1/2

[Event "ICS rated blitz match"]
[Site "204.178.125.65"]
[Date "2000.12.01"]
[Round "?"]
[White "Hossa"]
[Black "nureyev"]
[Result "1-0"]
[WhiteElo "2538"]
[BlackElo "1949"]
[PlyCount "41"]
[EventDate "2000.??.??"]

1. Nf3 Nf6 2. c4 g6 3. d4 Bg7 4. Nc3 O-O 5. e4 d6 6. Be2 e5 7. dxe5 dxe5 8.
Qxd8 Rxd8 9. Bg5 Re8 10. O-O Nc6 11. Rfd1 Be6 12. Nd5 Bxd5 13. cxd5 Nd4 14. Bd3
Nxf3+ 15. gxf3 h6 16. Be3 a6 17. Rac1 Rac8 18. Rc3 Re7 19. d6 Rd7 20. Bf1 c6
21. Bh3 {nureyev resigns} 1-0

[Event "ICS rated bullet match"]
[Site "204.178.125.65"]
[Date "2000.12.01"]
[Round "?"]
[White "ChesterX"]
[Black "Hossa"]
[Result "1/2-1/2"]
[WhiteElo "2430"]
[BlackElo "2689"]
[PlyCount "108"]
[EventDate "2000.??.??"]

1. e4 e6 2. Nf3 d5 3. e5 c5 4. c3 Nc6 5. d4 cxd4 6. cxd4 Bd7 7. Bd3 Qb6 8. O-O
Nxd4 9. Nxd4 Qxd4 10. Nc3 Qxe5 11. Re1 Qd6 12. Nb5 Qb6 13. Be3 Qa5 14. Bd2 Qd8
15. Rc1 Bc6 16. Nd4 Ne7 17. Qh5 g6 18. Qe5 Rg8 19. Nxc6 Nxc6 20. Bb5 Rc8 21.
Qd4 a6 22. Bxc6+ bxc6 23. Qa7 Ra8 24. Qb7 Qc8 25. Qxc6+ Qxc6 26. Rxc6 Bg7 27.
Rc5 Kd7 28. Bc1 Rgc8 29. Ra5 Rc6 30. a3 Rac8 31. Bf4 Bxb2 32. Rb1 Bc3 33. Rb7+
Ke8 34. Ra4 e5 35. Bg5 e4 36. f3 Re6 37. fxe4 dxe4 38. Be3 Rcc6 39. Bg5 a5 40.
Rb8+ Kd7 41. Rb7+ Kd6 42. Bf4+ Kc5 43. Be3+ Kd5 44. Rxf7 h5 45. Rb7 Re8 46.
Rb5+ Kd6 47. Bf4+ Kd7 48. Rb7+ Kd8 49. Rb8+ Kd7 50. Rb7+ Kd8 51. Rb8+ Kd7 52.
Rb7+ Kd8 53. Rb8+ Kd7 54. Rb7+ Kd8 {Game drawn by repetition} 1/2-1/2

[Event "ICS rated blitz match"]
[Site "204.178.125.65"]
[Date "2000.12.01"]
[Round "?"]
[White "Hossa"]
[Black "Amateur"]
[Result "0-1"]
[WhiteElo "2539"]
[BlackElo "2564"]
[PlyCount "94"]
[EventDate "2000.??.??"]

1. Nf3 Nf6 2. c4 b6 3. d4 e6 4. e3 Nc6 5. Nc3 Bb7 6. e4 Bb4 7. Bd3 Na5 8. Qc2
Bxc3+ 9. bxc3 d5 10. cxd5 exd5 11. e5 Ne4 12. O-O O-O 13. Ne1 h6 14. f3 Ng5 15.
f4 Ne4 16. f5 c5 17. f6 g5 18. Nf3 Qc7 19. Ba3 Rfe8 20. Qb2 Nc4 21. Bxc4 dxc4
22. Qc2 b5 23. Rfd1 Rad8 24. Bb2 cxd4 25. cxd4 c3 26. Ba3 Qc4 27. Be7 Nd2 28.
Nxd2 Qe2 29. Nf3 Qxc2 30. Ne1 Qe2 31. Bxd8 Rxd8 32. h4 Qe3+ 33. Kh1 c2 34. Rd3
c1=Q 35. Rxe3 Qxe3 36. d5 Qxe5 37. Rb1 Qe4 38. Rc1 Qf4 39. Rb1 Qxh4+ 40. Kg1
Qe4 41. Nd3 Qxd3 42. Rb3 Qxd5 43. Rg3 Qe5 44. Kh2 Rd3 45. Kg1 Qxg3 46. Kf1 Rd1+
47. Ke2 Qe1# {Hossa checkmated} 0-1

[Event "ICS rated blitz match"]
[Site "204.178.125.65"]
[Date "2000.12.01"]
[Round "?"]
[White "nureyev"]
[Black "Hossa"]
[Result "0-1"]
[WhiteElo "1944"]
[BlackElo "2524"]
[PlyCount "35"]
[EventDate "2000.??.??"]

1. d4 e6 2. c4 Nf6 3. Nf3 c5 4. d5 exd5 5. cxd5 d6 6. Nc3 g6 7. e4 Bg7 8. Be2
O-O 9. O-O Re8 10. Nd2 a6 11. a4 Ra7 12. Qc2 b6 13. Nc4 Rae7 14. f3 Rf8 15. Bf4
Ne8 16. Rfb1 f5 17. b4 fxe4 18. fxe4 {nureyev resigns} 0-1

[Event "ICS rated blitz match"]
[Site "204.178.125.65"]
[Date "2000.12.01"]
[Round "?"]
[White "Hossa"]
[Black "nureyev"]
[Result "1-0"]
[WhiteElo "2525"]
[BlackElo "1943"]
[PlyCount "38"]
[EventDate "2000.??.??"]

1. d4 Nf6 2. c4 g6 3. Nc3 Bg7 4. e4 d6 5. Nf3 O-O 6. Be2 e5 7. O-O Nc6 8. d5
Ne7 9. Bd2 Nd7 10. Qc1 f5 11. Ng5 Nf6 12. f3 f4 13. Bd3 Bd7 14. Qc2 Qc8 15. Qb3
b6 16. c5 bxc5 17. Ne6 Bxe6 18. dxe6 Nc6 19. e7+ Rf7 {nureyev resigns} 1-0

[Event "ICS rated blitz match"]
[Site "204.178.125.65"]
[Date "2000.12.01"]
[Round "?"]
[White "nureyev"]
[Black "Hossa"]
[Result "0-1"]
[WhiteElo "1942"]
[BlackElo "2526"]
[PlyCount "47"]
[EventDate "2000.??.??"]

1. d4 e6 2. c4 Nf6 3. Nf3 c5 4. d5 exd5 5. cxd5 d6 6. Nc3 g6 7. e4 Bg7 8. Be2
O-O 9. O-O Re8 10. Nd2 a6 11. a4 Ra7 12. f3 Nh5 13. Kh1 Be5 14. Nc4 Qh4 15.
Nxe5 Ng3+ 16. Kg1 Nxf1 17. Bxf1 Rxe5 18. g3 Qf6 19. Bf4 Re8 20. Qd2 Nd7 21. a5
g5 22. Bxg5 Ne5 23. Kg2 Nxf3 24. Qe3 {nureyev resigns} 0-1

[Event "ICS rated blitz match"]
[Site "204.178.125.65"]
[Date "2000.12.01"]
[Round "?"]
[White "Amateur"]
[Black "Hossa"]
[Result "1-0"]
[WhiteElo "2593"]
[BlackElo "2527"]
[PlyCount "205"]
[EventDate "2000.??.??"]

1. Nf3 d5 2. c4 e6 3. e3 Nf6 4. cxd5 exd5 5. Nc3 c6 6. Be2 Bd6 7. O-O O-O 8. d4
Bf5 9. Bd3 Bxd3 10. Qxd3 Re8 11. Qf5 Na6 12. Bd2 g6 13. Qh3 Nb4 14. Rad1 Qc7
15. Ng5 h5 16. Rb1 Ng4 17. Nf3 Nd3 18. Ne2 Qe7 19. b3 Qf6 20. Be1 a5 21. Ng3
Nxe1 22. Rfxe1 b6 23. Rec1 Rac8 24. Rc2 Re7 25. Rd1 Re6 26. Re1 Bb4 27. Rec1
Be7 28. e4 dxe4 29. d5 exf3 30. dxe6 Qxe6 31. gxf3 Ne5 32. Qxe6 fxe6 33. f4
Nf3+ 34. Kg2 Nd4 35. Rd2 Rd8 36. Rcd1 c5 37. Ne2 Bf6 38. Ng3 Be7 39. Kh3 Kg7
40. Re1 Bd6 41. Re4 Kf6 42. Rd3 Bc7 43. Rde3 a4 44. Ne2 Kf5 45. Ng3+ Kf6 46.
Rc3 axb3 47. axb3 Bd6 48. Rd3 Re8 49. Ne2 Kf5 50. Ng3+ Kf6 51. b4 Rf8 52. bxc5
bxc5 53. Ra3 Rd8 54. Ra7 Nf3 55. Re3 Nd2 56. Rd3 h4 57. Kxh4 Be7 58. Rxd8 Bxd8
59. Kg4 Be7 60. Rd7 Nb3 61. Ne4+ Kf7 62. Rb7 c4 63. Rc7 Nd4 64. Rxc4 Nb5 65. f3
Kg7 66. h3 Kf7 67. Ng5+ Kf6 68. Ne4+ Kf7 69. Rc6 Nd4 70. Rb6 Ke8 71. Ng5 Kd7
72. Rb7+ Ke8 73. Rb8+ Bd8 74. Ra8 Kd7 75. Nh7 Be7 76. Rg8 Nf5 77. Rxg6 Ne3+ 78.
Kh5 Nd5 79. Rg4 Ne3 80. Rg7 Nd5 81. Rf7 Ke8 82. Kg6 Kd8 83. Ng5 Kd7 84. h4 Kd6
85. h5 Bd8 86. Ne4+ Kc6 87. h6 Bb6 88. h7 Bd4 89. Nf6 Nxf4+ 90. Kg5 Nh3+ 91.
Kg4 Nf2+ 92. Kh4 Nd3 93. h8=Q Bf2+ 94. Kh5 Kb5 95. Qe8+ Kb4 96. Rb7+ Kc3 97.
Ne4+ Kd4 98. Qd7+ Ke3 99. Rb3 Kf4 100. Rxd3 Bh4 101. Qxe6 Bd8 102. Qd6+ Kf5
103. Ng3# {Hossa checkmated} 1-0

[Event "ICS rated bullet match"]
[Site "204.178.125.65"]
[Date "2000.12.01"]
[Round "?"]
[White "Hossa"]
[Black "Havard"]
[Result "1-0"]
[WhiteElo "2679"]
[BlackElo "2082"]
[PlyCount "69"]
[EventDate "2000.??.??"]

1. e4 d6 2. d4 Nf6 3. Nc3 g6 4. Bg5 Bg7 5. Nf3 h6 6. Bf4 g5 7. Be3 c6 8. Bd3
Nbd7 9. O-O Qc7 10. a4 Ng4 11. a5 Nxe3 12. fxe3 Nf6 13. Nd2 Ng4 14. Qf3 O-O 15.
h3 Nf6 16. Bc4 e6 17. Qf2 d5 18. Bb3 Bd7 19. e5 Ne8 20. a6 b6 21. e4 dxe4 22.
Ndxe4 c5 23. dxc5 bxc5 24. Nxc5 Bc6 25. Rae1 Qb6 26. Ba4 Bxa4 27. N3xa4 Qb4 28.
Nd7 Kh8 29. Nxf8 Qxf8 30. Qxf7 Qxf7 31. Rxf7 Rc8 32. Rxa7 Nc7 33. Nb6 Rb8 34.
Rxc7 Rb7 35. axb7 {Havard resigns} 1-0

[Event "ICS rated bullet match"]
[Site "204.178.125.65"]
[Date "2000.12.01"]
[Round "?"]
[White "Havard"]
[Black "Hossa"]
[Result "0-1"]
[WhiteElo "2081"]
[BlackElo "2680"]
[PlyCount "74"]
[EventDate "2000.??.??"]

1. e4 c5 2. Nc3 Nc6 3. f4 e6 4. Nf3 Nge7 5. a4 Ng6 6. Bb5 Nxf4 7. Bxc6 bxc6 8.
O-O d5 9. d3 Ng6 10. e5 Be7 11. Qe1 O-O 12. Kh1 Ba6 13. Qg3 d4 14. Ne4 c4 15.
dxc4 Bxc4 16. Rd1 c5 17. b3 Bd5 18. Neg5 h6 19. Nh3 Bxf3 20. Qxf3 Nxe5 21. Qg3
Ng6 22. Nf4 Bh4 23. Qf3 Ne5 24. Qe4 Ng4 25. Nh3 h5 26. Bf4 e5 27. Bg3 Bxg3 28.
hxg3 Re8 29. Rf1 Ne3 30. Rf3 Rb8 31. Nf2 Rb6 32. Qh4 Qxh4+ 33. gxh4 e4 34. Rf4
f5 35. Nh3 Nxc2 36. Raf1 e3 37. Rxf5 e2 {Havard resigns} 0-1

[Event "ICS rated blitz match"]
[Site "204.178.125.65"]
[Date "2000.12.01"]
[Round "?"]
[White "Hossa"]
[Black "Amateur"]
[Result "1-0"]
[WhiteElo "2514"]
[BlackElo "2606"]
[PlyCount "89"]
[EventDate "2000.??.??"]

1. e4 e6 2. d4 d5 3. Nd2 c5 4. Ngf3 Nf6 5. exd5 exd5 6. Bb5+ Bd7 7. Bxd7+ Nbxd7
8. O-O Be7 9. dxc5 Nxc5 10. Nd4 Qd7 11. N2f3 O-O 12. Ne5 Qa4 13. Re1 Nce4 14.
Bf4 Qb4 15. f3 Nc5 16. Rb1 Rfe8 17. Qd2 Qxd2 18. Bxd2 Bd6 19. Nd3 Nxd3 20. cxd3
Bc5 21. Bc3 Nd7 22. f4 Bb6 23. b4 Rec8 24. Ba1 Rc2 25. Kh1 Bxd4 26. Bxd4 Rxa2
27. Re7 Rd8 28. Rbe1 h5 29. Re8+ Rxe8 30. Rxe8+ Nf8 31. h3 Rc2 32. Bxa7 g5 33.
fxg5 Rc1+ 34. Kh2 d4 35. Bxd4 Rc6 36. Rb8 Rd6 37. Bc5 Rxd3 38. Bxf8 Rd7 39.
Be7+ Kg7 40. Bf6+ Kh7 41. g4 Rd2+ 42. Kg3 hxg4 43. hxg4 Rd3+ 44. Kh4 Rd8 45.
Rxd8 {Amateur resigns} 1-0

[Event "ICS rated blitz match"]
[Site "204.178.125.65"]
[Date "2000.12.01"]
[Round "?"]
[White "Hossa"]
[Black "EgoBasher"]
[Result "0-1"]
[WhiteElo "2534"]
[BlackElo "2824"]
[PlyCount "120"]
[EventDate "2000.??.??"]

1. e4 c5 2. Nf3 e6 3. d4 cxd4 4. Nxd4 Nf6 5. Nc3 d6 6. Bg5 Nc6 7. Qd2 a6 8.
O-O-O h6 9. Bf4 Bd7 10. Nf3 b5 11. e5 dxe5 12. Nxe5 b4 13. Nxd7 Qxd7 14. Qxd7+
Nxd7 15. Na4 Nc5 16. Nb6 Rd8 17. Rxd8+ Nxd8 18. Be2 Be7 19. Na8 O-O 20. Nc7 a5
21. Bf3 Ndb7 22. Rd1 Rd8 23. Rxd8+ Bxd8 24. a3 g5 25. Be5 f6 26. Bg3 Kf7 27.
Bc6 f5 28. axb4 axb4 29. Be5 Na5 30. Be8+ Ke7 31. Bb5 Nd7 32. Bxd7 Kxd7 33. Na6
Nc6 34. Nc5+ Ke8 35. Bg7 e5 36. Bxh6 Be7 37. Nb3 f4 38. g3 Kf7 39. Kd2 Kg6 40.
Bxg5 Kxg5 41. Kd3 Kf5 42. Kc4 Ke6 43. g4 e4 44. Nd4+ Nxd4 45. Kxd4 e3 46. fxe3
f3 47. Kd3 Kf6 48. h4 Kg6 49. g5 Kh5 50. c3 Kxh4 51. g6 Bf8 52. cxb4 Kg3 53. e4
f2 54. Ke2 Kg2 55. Ke3 f1=Q 56. e5 Qc4 57. g7 Bxg7 58. Kd2 Bh6+ 59. Kd1 Qd3+
60. Ke1 Qd2# {Hossa checkmated} 0-1

[Event "ICS rated blitz match"]
[Site "204.178.125.65"]
[Date "2000.12.01"]
[Round "?"]
[White "MrUndo"]
[Black "Hossa"]
[Result "1-0"]
[WhiteElo "1903"]
[BlackElo "2529"]
[PlyCount "85"]
[EventDate "2000.??.??"]

1. e4 c5 2. Nf3 d6 3. d4 cxd4 4. Nxd4 Nf6 5. Nc3 Bd7 6. Bg5 e6 7. Qd2 a6 8. Bd3
Be7 9. O-O-O O-O 10. f4 Qc7 11. f5 Nc6 12. fxe6 fxe6 13. Nf3 Rac8 14. Rhe1 b5
15. h3 Be8 16. g4 b4 17. Ne2 Nxg4 18. Bxe7 Qxe7 19. hxg4 Rxf3 20. Bxa6 b3 21.
cxb3 Ra8 22. Bc4 Rxa2 23. Kb1 Qa7 24. Qxd6 Rf6 25. g5 Ra1+ 26. Kc2 Rxd1 27.
Rxd1 Rf7 28. Bxe6 Qb6 29. Kb1 Qb5 30. Bxf7+ Bxf7 31. Nc3 Qb7 32. b4 Bb3 33. b5
Nb8 34. Qd8+ Kf7 35. Rf1+ Kg6 36. Qd6+ Kh5 37. g6 Ba2+ 38. Ka1 Be6 39. Rh1+ Kg5
40. Qe5+ Kg4 41. Rg1+ Kh4 42. Qf4+ Bg4 43. Qxg4# {Hossa checkmated} 1-0

[Event "ICS rated blitz match"]
[Site "204.178.125.65"]
[Date "2000.12.01"]
[Round "?"]
[White "MrUndo"]
[Black "Hossa"]
[Result "1-0"]
[WhiteElo "1940"]
[BlackElo "2498"]
[PlyCount "103"]
[EventDate "2000.??.??"]

1. e4 c5 2. Nf3 Nc6 3. d4 cxd4 4. Nxd4 e5 5. Nb5 d6 6. c4 Be7 7. N1c3 a6 8. Na3
Be6 9. Nc2 Bg5 10. Bxg5 Qxg5 11. Nd5 Rc8 12. Nce3 Kf8 13. Qb3 Rb8 14. Bd3 Nf6
15. O-O Qh4 16. Qa3 Rd8 17. c5 Bxd5 18. exd5 Nb4 19. Nf5 Qf4 20. g3 Qf3 21.
Qxb4 Qxd3 22. Nxd6 Qxd5 23. Nxb7 Ra8 24. c6+ Kg8 25. c7 Qd7 26. Rac1 Rc8 27.
Nd6 h5 28. Nxc8 Qxc8 29. Rfd1 Kh7 30. Qe7 Re8 31. Qxf7 h4 32. Rd6 Rf8 33. Qxf8
Qxf8 34. Rd8 Qe7 35. c8=Q Kg6 36. Rc6 Qb4 37. Rxf6+ Kxf6 38. Rf8+ Qxf8 39.
Qxf8+ Kg6 40. gxh4 Kh6 41. b4 Kh7 42. a4 Kg6 43. b5 axb5 44. axb5 e4 45. b6 Kh7
46. b7 e3 47. fxe3 Kg6 48. b8=Q Kh6 49. Qbd6+ Kh7 50. Qf5+ g6 51. Qdxg6+ Kh8
52. Qf8# {Hossa checkmated} 1-0

[Event "ICS rated blitz match"]
[Site "204.178.125.65"]
[Date "2000.12.01"]
[Round "?"]
[White "Hossa"]
[Black "QueenMaxima"]
[Result "0-1"]
[WhiteElo "2467"]
[BlackElo "2535"]
[PlyCount "82"]
[EventDate "2000.??.??"]

1. e4 c5 2. Nf3 Nc6 3. d4 Nxd4 4. Nxd4 cxd4 5. Qxd4 e6 6. e5 Ne7 7. Bf4 Nc6 8.
Qe4 Qb6 9. b3 Bc5 10. Bg3 Bd4 11. c3 Qc5 12. Bc4 Bxe5 13. Bxe5 Nxe5 14. Nd2
Nxc4 15. Nxc4 d5 16. Qe5 O-O 17. Qd6 Qb5 18. Nb2 b6 19. Rd1 Ba6 20. Nd3 Qa5 21.
Nb4 Rac8 22. Qg3 Rc5 23. Rd4 Rfc8 24. Rg4 Rxc3 25. Rxg7+ Kf8 26. Rg8+ Ke7 27.
Qg5+ Kd7 28. Rxc8 Rxc8 29. Qd2 Qa3 30. Kd1 Bb5 31. Qf4 Qb2 32. Qxf7+ Kd8 33.
Qf8+ Kc7 34. Nxd5+ exd5 35. Qe7+ Kb8 36. Qd6+ Kb7 37. Qxd5+ Ka6 38. Qc4 Rd8+
39. Qd3 Rxd3+ 40. Ke1 Rd4 41. h3 Qd2# {Hossa checkmated} 0-1